[Event "Scarborough CC-ch"]
[Site "Toronto"]
[Date "2018.04.19"]
[Round "3"]
[White "Picana, Andrew"]
[Black "Noorali, Aahil"]
[Result "1/2-1/2"]
[WhiteElo "1935"]
[BlackElo "1795"]
[PlyCount "90"]
[EventDate "2018.04.05"]
[EventType "swiss"]
[EventRounds "8"]
[EventCountry "CAN"]
[SourceTitle "EXT 2024"]
[Source "ChessBase"]
[SourceDate "2023.10.10"]
[SourceVersion "1"]
[SourceVersionDate "2023.10.10"]
[SourceQuality "1"]

1. e4 e5 2. Nf3 Nc6 3. Bb5 a6 4. Ba4 Nf6 5. 0-0 b5 6. Bb3 Be7 7. Re1 d6 8. c3 0-0 9. h3 Na5 10. Bc2 c5 11. d4 Qc7 12. Nbd2 Bd7 13. Nf1 Rac8 14. Ne3 Rfe8 15. dxe5 dxe5 16. Nd5 Nxd5 17. exd5 f6 18. b3 c4 19. b4 Nb7 20. Nh4 g6 21. Nxg6 hxg6 22. Bxg6 Kg7 23. Re3 Rh8 24. Rg3 Kf8 25. Qf3 Nd6 26. Bg5 f5 27. Re1 Bxg5 28. Rxg5 Qd8 29. Bxf5 Qxg5 30. Bxd7+ Kg7 31. Bxc8 Rxc8 32. Re3 e4 33. Qd1 Kh6 34. Rg3 Qf6 35. Qd2+ Kh7 36. Qe2 Qf5 37. Qe3 Rf8 38. Rg5 Qf4 39. Rh5+ Kg6 40. Qxf4 Rxf4 41. Re5 Rf5 42. Re6+ Rf6 43. Re5 Rf5 44. Re6+ Rf6 45. Re5 Rf5 1/2-1/2

[Event "Scarborough CC Winter Swiss"]
[Site "Toronto"]
[Date "2018.03.29"]
[Round "6.5"]
[White "Picana, Andrew"]
[Black "Tavana, Joseph"]
[Result "1-0"]
[WhiteElo "2102"]
[BlackElo "1804"]
[PlyCount "119"]
[EventDate "2018.02.22"]
[EventType "swiss"]
[EventRounds "6"]
[EventCountry "CAN"]
[SourceTitle "EXT 2022"]
[Source "ChessBase"]
[SourceDate "2021.10.06"]
[SourceVersion "1"]
[SourceVersionDate "2021.10.06"]
[SourceQuality "1"]

1. c4 f5 2. Nc3 Nf6 3. Nf3 e6 4. g3 d5 5. d4 c6 6. Bg2 Bd6 7. c5 Bc7 8. 0-0 a5 9. Bd2 0-0 10. a3 Nbd7 11. b4 b5 12. cxb6 Nxb6 13. b5 Bd7 14. a4 cxb5 15. Nxb5 Bxb5 16. axb5 Nc4 17. Bg5 Qd7 18. Bxf6 gxf6 19. Qa4 Rab8 20. Rfb1 Nd6 21. Bf1 Ne4 22. Rb3 f4 23. b6 Qxa4 24. Rxa4 Bxb6 25. gxf4 Kh8 26. Bh3 Rg8+ 27. Kf1 f5 28. e3 Rgc8 29. Ra2 Rc1+ 30. Ne1 a4 31. Rbb2 a3 32. Rc2 Rd1 33. Ke2 Rxe1+ 34. Kxe1 Ba5+ 35. Kf1 Bb4 36. f3 Nd2+ 37. Ke2 Nc4 38. e4 Rf8 39. exf5 exf5 40. Kd3 Nb2+ 41. Raxb2 axb2 42. Rxb2 Bd6 43. Rb5 Bxf4 44. Rxd5 Bxh2 45. Bxf5 h6 46. Be4 Kg7 47. Rd7+ Rf7 48. Rd8 Bf4 49. Bd5 Rf8 50. Rd7+ Kf6 51. Ke4 Kg5 52. Rg7+ Kh4 53. Rg4+ Kh3 54. Rxf4 Re8+ 55. Kf5 Rf8+ 56. Ke5 Re8+ 57. Be6+ Kg3 58. Rf6 h5 59. f4 Rh8 60. Rg6+ 1-0

[Event "Scarborough CC Falling Leaves"]
[Site "Toronto"]
[Date "2017.11.30"]
[Round "5.1"]
[White "Picana, Andrew"]
[Black "Li, William"]
[Result "1/2-1/2"]
[WhiteElo "2089"]
[BlackElo "2209"]
[PlyCount "50"]
[EventDate "2017.11.02"]
[EventType "swiss"]
[EventRounds "7"]
[EventCountry "CAN"]
[SourceTitle "EXT 2022"]
[Source "ChessBase"]
[SourceDate "2021.10.06"]
[SourceVersion "1"]
[SourceVersionDate "2021.10.06"]
[SourceQuality "1"]

1. d4 Nf6 2. Nf3 e6 3. c4 b6 4. g3 Ba6 5. Qc2 Bb7 6. Nc3 Bb4 7. Bg2 c5 8. 0-0 cxd4 9. Nxd4 Bxg2 10. Kxg2 0-0 11. Rd1 Qc8 12. a3 Bxc3 13. Qxc3 d5 14. cxd5 Qxc3 15. bxc3 Nxd5 16. Bb2 Rc8 17. Rac1 Na6 18. c4 Ne7 19. Nb5 Nc5 20. Be5 Nc6 21. Bf4 Na5 22. Nc7 Rab8 23. Nb5 Ra8 24. Nc7 Rab8 25. Nb5 Ra8 1/2-1/2

[Event "Scarborough CC Falling Leaves"]
[Site "Toronto"]
[Date "2017.11.16"]
[Round "3.1"]
[White "Plotkin, Mark"]
[Black "Picana, Andrew"]
[Result "1-0"]
[WhiteElo "2293"]
[BlackElo "2089"]
[PlyCount "89"]
[EventDate "2017.11.02"]
[EventType "swiss"]
[EventRounds "7"]
[EventCountry "CAN"]
[SourceTitle "EXT 2022"]
[Source "ChessBase"]
[SourceDate "2021.10.06"]
[SourceVersion "1"]
[SourceVersionDate "2021.10.06"]
[SourceQuality "1"]

1. e4 e6 2. d4 d5 3. Nc3 Bb4 4. e5 Ne7 5. Bd2 0-0 6. Bd3 c5 7. Nf3 Nf5 8. Ne2 Bxd2+ 9. Qxd2 cxd4 10. Ng3 Nc6 11. Nh5 Qa5 12. Qxa5 Nxa5 13. 0-0-0 Nc6 14. Rhe1 Re8 15. Bxf5 exf5 16. Nxd4 Nxd4 17. Rxd4 Be6 18. Nf4 Rad8 19. Red1 Rd7 20. Nxd5 Bxd5 21. Rxd5 Rde7 22. f4 g6 23. Rd8 Rxd8 24. Rxd8+ Kg7 25. Rd6 Kh6 26. Kd2 Kh5 27. c4 Kg4 28. Rd4 h5 29. Ke3 h4 30. Kf2 Rc7 31. b3 Re7 32. h3+ Kh5 33. Rd8 Kh6 34. Ke3 f6 35. Kd4 fxe5+ 36. fxe5 Kg5 37. Kd5 Rc7 38. c5 Kf4 39. e6 g5 40. Rd7 Rc8 41. e7 Re8 42. Ke6 g4 43. hxg4 fxg4 44. Rd8 Rxe7+ 45. Kxe7 1-0

[Event "Scarborough CC Falling Leaves"]
[Site "Toronto"]
[Date "2017.11.02"]
[Round "1.4"]
[White "Sivapathasundaram, Manojh"]
[Black "Picana, Andrew"]
[Result "0-1"]
[WhiteElo "1848"]
[BlackElo "2089"]
[PlyCount "88"]
[EventDate "2017.11.02"]
[EventType "swiss"]
[EventRounds "7"]
[EventCountry "CAN"]
[SourceTitle "EXT 2022"]
[Source "ChessBase"]
[SourceDate "2021.10.06"]
[SourceVersion "1"]
[SourceVersionDate "2021.10.06"]
[SourceQuality "1"]

1. d4 Nf6 2. c4 c5 3. Nc3 cxd4 4. Qxd4 Nc6 5. Qd1 g6 6. e4 Bg7 7. Bd3 d6 8. Nge2 0-0 9. 0-0 Ne5 10. f3 Bd7 11. Be3 Rc8 12. b3 Nxd3 13. Qxd3 a6 14. Rac1 Qa5 15. Qd2 Rfe8 16. Nd5 Qxd2 17. Bxd2 Nxd5 18. exd5 b5 19. Kf2 bxc4 20. bxc4 Bf5 21. c5 dxc5 22. Be3 c4 23. Bd4 Bh6 24. Be3 Bg7 25. Bd4 Bd3 26. Bxg7 Kxg7 27. Rfd1 Red8 28. Nf4 Bf5 29. g4 Bd7 30. Rd4 Bb5 31. a4 e5 32. Re4 exf4 33. axb5 axb5 34. Rxf4 Rxd5 35. Ke3 Rd3+ 36. Ke2 Ra8 37. Rc2 Raa3 38. Rb2 Re3+ 39. Kf2 Reb3 40. Rc2 c3 41. Ke3 Rb1 42. Rd4 b4 43. Rf4 Ra8 44. Kf2 Rb2 0-1

[Event "Scarborough CC Howard Ridout"]
[Site "Toronto"]
[Date "2017.10.05"]
[Round "4.2"]
[White "Picana, Andrew"]
[Black "Feng, Richard"]
[Result "1-0"]
[WhiteElo "2071"]
[BlackElo "1925"]
[PlyCount "107"]
[EventDate "2017.09.14"]
[EventType "swiss"]
[EventRounds "7"]
[EventCountry "CAN"]
[SourceTitle "EXT 2022"]
[Source "ChessBase"]
[SourceDate "2021.10.06"]
[SourceVersion "1"]
[SourceVersionDate "2021.10.06"]
[SourceQuality "1"]

1. Nf3 f5 2. c4 Nf6 3. Nc3 g6 4. g3 d6 5. Bg2 e5 6. d3 Bg7 7. 0-0 0-0 8. Qb3 Kh8 9. Bg5 h6 10. Be3 Na6 11. Rad1 g5 12. h4 g4 13. Nh2 f4 14. gxf4 Nh5 15. f5 Qxh4 16. Ne4 Rxf5 17. Ng3 Nxg3 18. fxg3 Qxg3 19. Bf2 Rxf2 20. Rxf2 Nc5 21. Qc3 e4 22. Rf8+ Kh7 23. Rf7 Qe3+ 24. Kh1 Qg5 25. d4 Be6 26. Rxg7+ Qxg7 27. dxc5 Qg6 28. cxd6 g3 29. Nf1 Qh5+ 30. Kg1 Rg8 31. Nxg3 Qh4 32. Bxe4+ Qxe4 33. Qd3 Qxd3 34. Rxd3 cxd6 35. b3 h5 36. Kh2 h4 37. Nh5 Kg6 38. Rxd6 Kxh5 39. Rxe6 Rf8 40. Re7 Kg4 41. Rg7+ Kh5 42. Rxb7 Rf2+ 43. Kg1 Rxe2 44. Rxa7 Kg4 45. Rg7+ Kf3 46. Rh7 Kg3 47. Rg7+ Kf3 48. c5 Rc2 49. b4 Rxa2 50. c6 Ra1+ 51. Kh2 Ra2+ 52. Kh3 Ra1 53. Kxh4 Rh1+ 54. Kg5 1-0

[Event "Scarborough CC Howard Ridout"]
[Site "Toronto"]
[Date "2017.09.28"]
[Round "3.3"]
[White "Picana, Andrew"]
[Black "Huang, Youhe"]
[Result "1-0"]
[WhiteElo "2071"]
[BlackElo "1849"]
[PlyCount "89"]
[EventDate "2017.09.14"]
[EventType "swiss"]
[EventRounds "7"]
[EventCountry "CAN"]
[SourceTitle "EXT 2022"]
[Source "ChessBase"]
[SourceDate "2021.10.06"]
[SourceVersion "1"]
[SourceVersionDate "2021.10.06"]
[SourceQuality "1"]

1. c4 Nf6 2. d4 g6 3. Nf3 Bg7 4. g3 0-0 5. Bg2 d5 6. cxd5 Nxd5 7. 0-0 Nc6 8. Nc3 Nb6 9. e3 Bd7 10. b3 Qc8 11. Ba3 Bh3 12. Qc2 Bxg2 13. Kxg2 Rd8 14. Rac1 e6 15. h4 Nd5 16. Ne4 Nf6 17. Nc5 Nd7 18. Nxb7 Qxb7 19. Qxc6 Rab8 20. Rc2 Qxc6 21. Rxc6 Rb7 22. Rfc1 Rc8 23. Bd6 Bf8 24. Rxc7 Rbxc7 25. Rxc7 Rxc7 26. Bxc7 Nf6 27. Ba5 Nd5 28. Kf1 f6 29. e4 Ne7 30. Ke2 f5 31. e5 h6 32. Bd2 Nd5 33. Kd3 Kf7 34. Kc4 a6 35. b4 Ke8 36. Ne1 Kd7 37. Nd3 Kc6 38. Nf4 Nxf4 39. Bxf4 h5 40. a4 a5 41. b5+ Kc7 42. Bd2 Kb6 43. d5 exd5+ 44. Kxd5 Be7 45. Bg5 1-0

[Event "Scarborough CC-ch"]
[Site "Toronto"]
[Date "2012.03.22"]
[Round "1"]
[White "Picana, Andrew"]
[Black "Bellissimo, Joseph F"]
[Result "1-0"]
[WhiteElo "2044"]
[BlackElo "1949"]
[PlyCount "143"]
[EventDate "2012.03.22"]
[EventType "tourn"]
[EventRounds "9"]
[EventCountry "CAN"]
[SourceTitle "EXT 2022"]
[Source "ChessBase"]
[SourceDate "2021.10.06"]
[SourceVersion "1"]
[SourceVersionDate "2021.10.06"]
[SourceQuality "1"]

1. c4 e6 2. Nc3 d5 3. d4 Nf6 4. Nf3 Be7 5. Bf4 0-0 6. e3 Nbd7 7. Bd3 b6 8. cxd5 exd5 9. Rc1 Bb7 10. 0-0 c5 11. h3 Rc8 12. a3 a6 13. Qe2 c4 14. Bf5 g6 15. Bb1 Re8 16. Rfd1 Bf8 17. Bg5 Bg7 18. Nh2 b5 19. Ng4 Qb6 20. Qf3 Nxg4 21. Qxg4 Nf6 22. Qh4 Qe6 23. Bh6 Ne4 24. Bxe4 dxe4 25. Bxg7 Kxg7 26. d5 Qe5 27. Rd4 f5 28. d6 Rcd8 29. Rcd1 Rd7 30. g4 Re6 31. gxf5 gxf5 32. Kh1 Rdxd6 33. Ne2 Rxd4 34. Rxd4 Bc6 35. Nf4 Rd6 36. Qg5+ Kh8 37. Rxd6 Qxd6 38. Qxf5 Bd7 39. Qf7 a5 40. a4 bxa4 41. Qxc4 Qf6 42. Qc5 Be8 43. Kg2 Qg7+ 44. Kf1 Bf7 45. Qd4 Qxd4 46. exd4 Kg7 47. Ke2 Kf6 48. Ke3 Kf5 49. Ne2 Be6 50. Ng3+ Kg5 51. Nxe4+ Kh4 52. Kf4 h6 53. Ke5 Bxh3 54. f4 Bd7 55. f5 h5 56. f6 Be8 57. d5 Kg4 58. d6 h4 59. d7 Bxd7 60. f7 h3 61. Nf2+ Kg5 62. f8Q h2 63. Qf4+ Kg6 64. Qxh2 a3 65. bxa3 a4 66. Qf4 Kg7 67. Ne4 Be8 68. Qf6+ Kg8 69. Qe7 Bf7 70. Kf6 Kh8 71. Ng5 Bg8 72. Qg7# 1-0

[Event "Scarborough CC Winter End"]
[Site "Toronto"]
[Date "2012.02.23"]
[Round "2"]
[White "Wiebe, Daniel"]
[Black "Picana, Andrew"]
[Result "1-0"]
[WhiteElo "1844"]
[BlackElo "2060"]
[PlyCount "80"]
[EventDate "2012.02.16"]
[EventType "swiss"]
[EventRounds "5"]
[EventCountry "CAN"]
[SourceTitle "EXT 2022"]
[Source "ChessBase"]
[SourceDate "2021.10.06"]
[SourceVersion "1"]
[SourceVersionDate "2021.10.06"]
[SourceQuality "1"]

1. e4 e5 2. Nf3 Nc6 3. d4 d6 4. dxe5 Nxe5 5. Nxe5 dxe5 6. Qxd8+ Kxd8 7. Bc4 f6 8. Nc3 Bb4 9. Bd2 Ne7 10. 0-0-0 Bd7 11. Nd5 Bxd2+ 12. Rxd2 c6 13. Nxf6 gxf6 14. Rhd1 Nd5 15. Bxd5 Ke7 16. Bb3 Rad8 17. Rd3 Bg4 18. Rxd8 Rxd8 19. Rxd8 Kxd8 20. Kd2 Ke7 21. Ke3 h6 22. c3 Bd7 23. Kf3 f5 24. g3 Kf6 25. Bc2 fxe4+ 26. Bxe4 Be6 27. a3 Bb3 28. Ke3 Bc4 29. f4 Be6 30. Kf3 h5 31. Ke3 Bd7 32. Bf3 Be8 33. g4 hxg4 34. Bxg4 c5 35. h4 exf4+ 36. Kxf4 a5 37. Bf5 b5 38. Bd3 b4 39. Be2 Bg6 40. h5 Bc2 1-0

[Event "Scarborough CC Spring Into Summer"]
[Site "Toronto"]
[Date "2011.06.02"]
[Round "5"]
[White "Bellissimo, Joseph F"]
[Black "Picana, Andrew"]
[Result "1-0"]
[WhiteElo "1984"]
[BlackElo "2182"]
[PlyCount "71"]
[EventDate "2011.04.28"]
[EventType "swiss"]
[EventRounds "9"]
[EventCountry "CAN"]
[SourceTitle "EXT 2022"]
[Source "ChessBase"]
[SourceDate "2021.10.06"]
[SourceVersion "1"]
[SourceVersionDate "2021.10.06"]
[SourceQuality "1"]

1. e4 c5 2. Nf3 d6 3. d4 cxd4 4. Nxd4 Nf6 5. Nc3 a6 6. Bc4 e6 7. Bb3 Be7 8. f4 Qc7 9. 0-0 Nc6 10. Be3 Bd7 11. Qf3 0-0 12. Rad1 Na5 13. f5 Nxb3 14. cxb3 b5 15. a3 Rad8 16. g4 d5 17. exd5 exd5 18. g5 Ne4 19. Nxd5 Qe5 20. Nxe7+ Qxe7 21. f6 Qe5 22. Bf4 Qd5 23. fxg7 Rfe8 24. Rfe1 Qa8 25. Rf1 Nc5 26. Qh5 Qe4 27. Bc7 Qg4+ 28. Qxg4 Bxg4 29. Bxd8 Bxd1 30. Bb6 Nd7 31. Rxd1 Nxb6 32. Nf5 Nc8 33. h4 h5 34. gxh6 Kh7 35. h5 Ne7 36. Nxe7 1-0

[Event "Scarborough CC-ch"]
[Site "Toronto"]
[Date "2011.04.07"]
[Round "7"]
[White "Picana, Andrew"]
[Black "Pedersen, Rune Linnebo"]
[Result "0-1"]
[WhiteElo "2182"]
[BlackElo "2303"]
[PlyCount "100"]
[EventDate "2011.02.24"]
[EventType "tourn"]
[EventRounds "9"]
[EventCountry "CAN"]
[SourceTitle "EXT 2022"]
[Source "ChessBase"]
[SourceDate "2021.10.06"]
[SourceVersion "1"]
[SourceVersionDate "2021.10.06"]
[SourceQuality "1"]

1. c4 c5 2. Nc3 Nc6 3. Nf3 g6 4. e3 Bg7 5. d4 cxd4 6. exd4 d6 7. Be3 h5 8. Qd2 Bg4 9. Be2 Rc8 10. h3 Bxf3 11. Bxf3 Nh6 12. 0-0 Nf5 13. Bxc6+ bxc6 14. Rad1 0-0 15. Ne2 d5 16. b3 Nxe3 17. Qxe3 Qa5 18. Nc1 dxc4 19. bxc4 e6 20. Qe2 Rfd8 21. Nb3 Qb6 22. c5 Qb5 23. Qe4 a5 24. g4 hxg4 25. hxg4 a4 26. Nc1 Qc4 27. Ne2 a3 28. Rd2 e5 29. Rc2 Qa4 30. Rfc1 Bh6 31. Rc4 Qb5 32. R1c3 Rb8 33. dxe5 Qb1+ 34. Qxb1 Rxb1+ 35. Kg2 Rb2 36. Nd4 Rxa2 37. Nxc6 Rdd2 38. Rf3 Rab2 39. Ne7+ Kf8 40. c6 Rbc2 41. Rxc2 Rxc2 42. Nxg6+ Ke8 43. Rxa3 fxg6 44. Kg3 g5 45. Ra8+ Kf7 46. Ra7+ Kg6 47. c7 Bg7 48. Ra5 Rxc7 49. Kf3 Rf7+ 50. Ke3 Rf4 0-1

[Event "Scarborough CC-ch"]
[Site "Toronto"]
[Date "2011.03.17"]
[Round "4"]
[White "Casareno, Erwin"]
[Black "Picana, Andrew"]
[Result "0-1"]
[WhiteElo "2165"]
[BlackElo "2182"]
[PlyCount "142"]
[EventDate "2011.02.24"]
[EventType "tourn"]
[EventRounds "9"]
[EventCountry "CAN"]
[SourceTitle "EXT 2022"]
[Source "ChessBase"]
[SourceDate "2021.10.06"]
[SourceVersion "1"]
[SourceVersionDate "2021.10.06"]
[SourceQuality "1"]

1. d4 d5 2. c4 e6 3. Nc3 f5 4. Nf3 Nf6 5. Bg5 Be7 6. Qb3 c6 7. e3 0-0 8. Bd3 Kh8 9. h4 Ne4 10. Bxe7 Qxe7 11. h5 Nd7 12. h6 g6 13. Ne5 Nxe5 14. dxe5 Qg5 15. g3 Nc5 16. Qc2 Nd7 17. cxd5 exd5 18. e6 Nb6 19. Ne2 Bxe6 20. Nf4 Rae8 21. 0-0-0 Qf6 22. g4 Bc8 23. Rdg1 Re4 24. Bxe4 fxe4 25. g5 Qe5 26. Qc5 Re8 27. Qc3 Nc4 28. Qd4 Qxd4 29. exd4 Rf8 30. Rh4 Nd6 31. Ne2 Kg8 32. Rf4 Bf5 33. Rg3 Rc8 34. Kd2 a5 35. a4 Nc4+ 36. Kc3 b5 37. b3 b4+ 38. Kc2 Nd6 39. Kd2 Nf7 40. Rg1 Nd8 41. Ng3 Ne6 42. Nxf5 gxf5 43. Rxf5 Nxd4 44. Rf6 Nf3+ 45. Rxf3 exf3 46. Rg3 Rf8 47. Ke3 Rf5 48. g6 Rf6 49. gxh7+ Kxh7 50. Kd4 Kxh6 51. Kc5 Kh5 52. Kb6 d4 53. Kxa5 d3 54. Kxb4 d2 55. Rg1 Re6 56. Rd1 Re2 57. Kc3 Rxf2 58. Rxd2 Rf1 59. a5 Rc1+ 60. Kb2 Rc5 61. b4 Rf5 62. Rf2 Kg4 63. a6 Kg3 64. a7 Rf8 65. Rf1 Kg2 66. Ra1 f2 67. Kc3 Ra8 68. Kc4 Rxa7 69. Rd1 f1Q+ 70. Rxf1 Kxf1 71. Kc5 Rb7 0-1

[Event "Scarborough CC-ch"]
[Site "Toronto"]
[Date "2011.03.03"]
[Round "2"]
[White "Picana, Andrew"]
[Black "Southam, David"]
[Result "0-1"]
[WhiteElo "2182"]
[BlackElo "2102"]
[PlyCount "94"]
[EventDate "2011.02.24"]
[EventType "tourn"]
[EventRounds "9"]
[EventCountry "CAN"]
[SourceTitle "EXT 2022"]
[Source "ChessBase"]
[SourceDate "2021.10.06"]
[SourceVersion "1"]
[SourceVersionDate "2021.10.06"]
[SourceQuality "1"]

1. c4 g6 2. Nc3 Bg7 3. g3 e5 4. Bg2 d6 5. e3 f5 6. Nge2 Nf6 7. d4 e4 8. Qa4+ c6 9. Nf4 g5 10. Nfe2 0-0 11. Qc2 d5 12. b3 Be6 13. 0-0 Qe7 14. a4 Qf7 15. c5 Qh5 16. Re1 Ng4 17. h3 Nf6 18. b4 Nbd7 19. b5 Rf7 20. bxc6 bxc6 21. Ba3 Nf8 22. Nc1 f4 23. exf4 Bxh3 24. Qe2 Ng4 25. Bxe4 Bxd4 26. Nd3 Bxc3 27. Bf3 gxf4 28. Nxf4 Rxf4 29. gxf4 Qg6 30. Kh1 Qh6 31. Kg1 Qxf4 32. Bxg4 Bxg4 33. Qe3 Qxe3 34. fxe3 Bxa1 35. Rxa1 Rb8 36. Kf2 Ng6 37. Kg3 h5 38. Bc1 Rb3 39. Bd2 d4 40. Re1 Ne5 41. Kf4 Nd3+ 42. Ke4 Nxe1 43. exd4 Bf3+ 44. Kf4 Nc2 45. Ke5 Rd3 46. Ba5 Rxd4 47. Bc7 Rxa4 0-1

[Event "Scarborough CC Falling Leaves"]
[Site "Toronto"]
[Date "2010.10.28"]
[Round "1"]
[White "Picana, Andrew"]
[Black "Pedersen, Rune Linnebo"]
[Result "1-0"]
[WhiteElo "2144"]
[BlackElo "2342"]
[PlyCount "81"]
[EventDate "2010.10.28"]
[EventType "swiss"]
[EventRounds "7"]
[EventCountry "CAN"]
[SourceTitle "EXT 2022"]
[Source "ChessBase"]
[SourceDate "2021.10.06"]
[SourceVersion "1"]
[SourceVersionDate "2021.10.06"]
[SourceQuality "1"]

1. Nf3 c5 2. c4 Nf6 3. Nc3 d5 4. cxd5 Nxd5 5. g3 Nc6 6. Bg2 Nc7 7. 0-0 e5 8. d3 Be7 9. Be3 0-0 10. Na4 Ne6 11. Rc1 Qa5 12. Bd2 Qc7 13. Nc3 Qd8 14. h4 Rb8 15. Kh2 b6 16. Nb5 Bb7 17. Bc3 Ncd4 18. Nbxd4 exd4 19. Bd2 Bd5 20. Rh1 f5 21. Kg1 b5 22. Rh2 a5 23. Qe1 a4 24. a3 Re8 25. e3 dxe3 26. fxe3 Bxf3 27. Bxf3 Qxd3 28. Bc3 b4 29. Rd2 Qa6 30. Be5 Rbc8 31. Bd5 c4 32. Qe2 bxa3 33. bxa3 Bxa3 34. Rxc4 Rxc4 35. Bxc4 Qa5 36. Rd5 Qa7 37. Qd3 Bc5 38. Rd8 Qf7 39. Rxe8+ Qxe8 40. Qxf5 Bxe3+ 41. Kh2 1-0

[Event "Toronto Howard Ridout Swiss"]
[Site "Toronto"]
[Date "2010.10.21"]
[Round "6"]
[White "Ferreira, Alex"]
[Black "Picana, Andrew"]
[Result "0-1"]
[WhiteElo "2116"]
[BlackElo "2152"]
[PlyCount "102"]
[EventDate "2010.09.09"]
[EventType "swiss"]
[EventRounds "7"]
[EventCountry "CAN"]
[SourceTitle "EXT 2022"]
[Source "ChessBase"]
[SourceDate "2021.10.06"]
[SourceVersion "1"]
[SourceVersionDate "2021.10.06"]
[SourceQuality "1"]

1. d4 d5 2. c4 e6 3. Nc3 f5 4. g3 Nf6 5. Bg2 c6 6. Bf4 Be7 7. Nf3 0-0 8. 0-0 Qe8 9. Rc1 Qh5 10. e3 Ne4 11. Ne1 Qxd1 12. Rxd1 Nxc3 13. bxc3 Nd7 14. cxd5 exd5 15. Nf3 Nb6 16. h4 Nc4 17. Ne5 Nd6 18. Rd2 Bf6 19. Nd3 Ne4 20. Re2 Re8 21. Rb1 h6 22. h5 b6 23. Ree1 Be6 24. Nb2 Nd2 25. Rbc1 Bf7 26. c4 Rac8 27. cxd5 cxd5 28. Red1 Ne4 29. Bf3 Be7 30. Nd3 Ba3 31. Ra1 Rc2 32. Ne1 Rxf2 33. Rd3 Bb4 34. Bxe4 fxe4 35. Rb3 Bxe1 36. Rxe1 Rxa2 37. g4 Rc8 38. Rbb1 Rcc2 39. Ra1 Rxa1 40. Rxa1 a5 41. Rb1 Rc6 42. Bb8 Be8 43. Ba7 b5 44. Bc5 Ra6 45. Rf1 Bf7 46. Ra1 Be6 47. g5 hxg5 48. Be7 Bg4 49. Bxg5 b4 50. h6 gxh6 51. Bd8 Bd7 0-1

[Event "Toronto Howard Ridout Swiss"]
[Site "Toronto"]
[Date "2010.09.30"]
[Round "4"]
[White "Picana, Andrew"]
[Black "Sharpe, Sam"]
[Result "1/2-1/2"]
[WhiteElo "2152"]
[BlackElo "1972"]
[PlyCount "72"]
[EventDate "2010.09.09"]
[EventType "swiss"]
[EventRounds "7"]
[EventCountry "CAN"]
[SourceTitle "EXT 2022"]
[Source "ChessBase"]
[SourceDate "2021.10.06"]
[SourceVersion "1"]
[SourceVersionDate "2021.10.06"]
[SourceQuality "1"]

1. c4 e6 2. Nc3 d5 3. d4 c5 4. Nf3 Nc6 5. e3 Nf6 6. Bd3 dxc4 7. Bxc4 Be7 8. 0-0 0-0 9. a3 a6 10. dxc5 Qxd1 11. Rxd1 Bxc5 12. b4 Be7 13. Bb2 b5 14. Bd3 Bb7 15. Rac1 Rfd8 16. Ne2 Rac8 17. h3 h6 18. Nf4 Nd5 19. Nxd5 Rxd5 20. Be4 Rdd8 21. Bxc6 Rxd1+ 22. Rxd1 Bxc6 23. Rc1 Bb7 24. Rxc8+ Bxc8 25. Nd2 Bb7 26. Nb3 f5 27. Nc5 Bxc5 28. bxc5 Kf7 29. g3 g6 30. Kf1 Ke7 31. Ke2 Kd7 32. Bg7 h5 33. Kd3 Bg2 34. h4 Kc6 35. Kd4 a5 36. Bf8 Bd5 1/2-1/2

[Event "Scarborough CC LH Summer op"]
[Site "Toronto"]
[Date "2010.06.17"]
[Round "7"]
[White "Yuan, Yuanling"]
[Black "Picana, Andrew"]
[Result "1/2-1/2"]
[WhiteElo "2330"]
[BlackElo "2114"]
[PlyCount "110"]
[EventDate "2010.04.29"]
[EventType "swiss"]
[EventRounds "8"]
[EventCountry "CAN"]
[SourceTitle "EXT 2022"]
[Source "ChessBase"]
[SourceDate "2021.10.06"]
[SourceVersion "1"]
[SourceVersionDate "2021.10.06"]
[SourceQuality "1"]

1. e4 e6 2. d4 d5 3. Nc3 Bb4 4. e5 c5 5. a3 Bxc3+ 6. bxc3 Ne7 7. Qg4 Ng6 8. h4 h5 9. Qg3 Nc6 10. Bd3 Nce7 11. Ne2 cxd4 12. cxd4 Qb6 13. Bg5 Nf5 14. Bxf5 exf5 15. 0-0 Be6 16. a4 0-0 17. Qf3 Rfc8 18. c3 Qa5 19. Ra3 b5 20. Rfa1 b4 21. cxb4 Qxb4 22. Rb3 Qc4 23. Rb7 Qa6 24. Rb4 Rc2 25. Ng3 Qc8 26. Nxh5 Rc4 27. Qb3 f4 28. Kh2 Rc3 29. Qb1 f3 30. g3 Bf5 31. Qe1 Be4 32. Nf4 Nxf4 33. Bxf4 Qg4 34. Qxc3 Bf5 35. Kg1 Qh3 36. Qxf3 Be4 37. Qxe4 dxe4 38. d5 Rd8 39. d6 Qf5 40. Re1 Rd7 41. Rexe4 Kh7 42. a5 Qe6 43. a6 Qd5 44. Rec4 Kg6 45. Rc1 Kf5 46. Kh2 Qf3 47. Rc2 Ke6 48. Rcb2 Qc6 49. Ra2 Rd8 50. Rb7 Qc4 51. Rab2 Qd4 52. Re2 Qd5 53. Re7+ Kf5 54. Bd2 f6 55. exf6 gxf6 1/2-1/2

[Event "Scarborough CC LH Summer op"]
[Site "Toronto"]
[Date "2010.06.10"]
[Round "6"]
[White "Picana, Andrew"]
[Black "Moffat, Andrei"]
[Result "0-1"]
[WhiteElo "2114"]
[BlackElo "2289"]
[PlyCount "102"]
[EventDate "2010.04.29"]
[EventType "swiss"]
[EventRounds "8"]
[EventCountry "CAN"]
[SourceTitle "EXT 2022"]
[Source "ChessBase"]
[SourceDate "2021.10.06"]
[SourceVersion "1"]
[SourceVersionDate "2021.10.06"]
[SourceQuality "1"]

1. d4 d5 2. c4 Nc6 3. e3 e5 4. dxe5 d4 5. Nf3 Bb4+ 6. Bd2 dxe3 7. fxe3 Nh6 8. Qb3 Bxd2+ 9. Nbxd2 0-0 10. 0-0-0 Qe7 11. h3 Re8 12. Bd3 Nxe5 13. Nxe5 Qxe5 14. Rhe1 Bf5 15. Nf3 Qc5 16. e4 Be6 17. Qc3 Rad8 18. b4 Qe7 19. Kb2 c5 20. b5 f6 21. Bc2 Nf7 22. Rd5 Bxd5 23. exd5 Qd6 24. Rf1 Qg3 25. Qd3 g6 26. Qd2 Ne5 27. Nxe5 Qxe5+ 28. Kb1 Kg7 29. Qa5 Rd7 30. Bd3 b6 31. Qd2 Qd4 32. Kc2 a6 33. bxa6 Ra7 34. Qc3 Qxc3+ 35. Kxc3 Rxa6 36. Kb2 Kf7 37. Rf2 Rea8 38. Ka1 Ra3 39. Rd2 Ke7 40. d6+ Kd7 41. Be4 Re8 42. Bd5 Ree3 43. Bg8 Rad3 44. Rf2 Rxd6 45. Bxh7 g5 46. Kb2 Kc6 47. Bc2 b5 48. Bb3 b4 49. Bd1 Rxd1 50. Rxf6+ Rd6 51. Rf2 Rde6 0-1

[Event "Scarborough CC-ch Reserves op"]
[Site "Toronto"]
[Date "2010.04.01"]
[Round "6"]
[White "Picana, Andrew"]
[Black "Moysoski, Randy"]
[Result "1-0"]
[WhiteElo "2084"]
[BlackElo "1886"]
[PlyCount "105"]
[EventDate "2010.02.25"]
[EventType "swiss"]
[EventRounds "9"]
[EventCountry "CAN"]
[SourceTitle "EXT 2022"]
[Source "ChessBase"]
[SourceDate "2021.10.06"]
[SourceVersion "1"]
[SourceVersionDate "2021.10.06"]
[SourceQuality "1"]

1. d4 Nf6 2. Nf3 c5 3. Nc3 e6 4. Bg5 cxd4 5. Qxd4 Nc6 6. Qa4 Qb6 7. Bxf6 gxf6 8. Qb3 Bb4 9. a3 Ba5 10. Qxb6 Bxb6 11. Ne4 Ke7 12. e3 d5 13. Ng3 Bd7 14. Be2 Ne5 15. Nxe5 fxe5 16. c4 Rac8 17. 0-0 dxc4 18. Rac1 c3 19. bxc3 f5 20. c4 Bc5 21. Rc3 Bc6 22. Bf3 e4 23. Be2 Rcd8 24. Rd1 Ba4 25. Rb1 b6 26. Rb4 Bd1 27. Bf1 a5 28. Rb2 h5 29. Ne2 e5 30. Nc1 Rd6 31. h4 Kf6 32. Be2 Bxe2 33. Nxe2 Rd3 34. Rxd3 exd3 35. Nc3 Rb8 36. a4 e4 37. Kf1 Ke5 38. Nd5 Kd6 39. g3 Kc6 40. Rb5 Rd8 41. Ke1 Rh8 42. Kd1 Rh6 43. Nf4 Kd6 44. Kd2 Bb4+ 45. Kc1 Bc5 46. Rb3 Kc6 47. Kd1 Kd6 48. Nxd3 exd3 49. Rxd3+ Ke6 50. Ke2 Rg6 51. Rd8 Rh6 52. Rg8 Kf6 53. Kd3 1-0